A general introductory guide to the Egyptian collections in the Brtish Museum /

Saved in:

Corporate Author: British Museum. Department of Egyptian and Assyrian Antiquities.

Other Authors: Budge, E. A. Wallis, Sir, 1857-1934., Hall, H. R., 1873-1930.

Format: Book

Language: English

Published: [London] : Printed by order of the Trustees, 1930.

Edition: New ed., rev. and enl.

Subjects:

Tags: Add Tag

No Tags, Be the first to tag this record!

Call Number: DT59 .B76 1930

LEADER 01129cam a2200277Mi 4500
001 ocn931116946
003 OSt
005 20260510110259.0
008 020719s1930 enkabef 000 0 eng d
040 |c ARCE Library 
050 4 |a DT59 .B76 1930 
110 2 |a British Museum.   |b Department of Egyptian and Assyrian Antiquities. 
245 1 0 |a A general introductory guide to the Egyptian collections in the Brtish Museum /  |c with 233 illustrations. 
250 |a New ed., rev. and enl. 
264 1 |a [London] :   |b Printed by order of the Trustees,   |c 1930. 
300 |a xv, 460 pages :  |b illus., maps, plans, facsims., plates ;   |c 21 cm. 
500 |a At head of title: British Museum. 
500 |a First edition, 1909, prepared by Sir Ernest Wallis Budge. 
500 |a Preface signed : H. R. Hall. 
610 2 0 |a British Museum.   |b Department of Egyptian and Assyrian Antiquities   |v Guidebooks. 
651 4 |a Egypt  |x Antiquities. 
700 1 |a Budge, E. A. Wallis,   |q (Ernest Alfred Wallis),   |c Sir,   |d 1857-1934. 
700 1 |a Hall, H. R.,   |q (Harry Reginald),   |d 1873-1930. 
901 |a reviewed 
942 |2 lcc  |c BK 
999 |c 55305  |d 55305